000 01436nam a2200265 4500
005 20250206153235.0
008 250206b1923 fr ||||fr|||| 00| f fre d
040 _aCO-BoUCM
_bspa
_cSandra Yazo
_dSandra Yazo
041 1 _afre
082 0 4 _220
_a843.52
092 _aE54N029
100 1 _aRodenbach, Georges
_d1855-1898
_9184192
242 0 3 _aEl campanero
_cJorge Rodenbach
245 1 3 _aLe carillonneur
_cGeorges Rodenbach
260 _aParís (Francia)
_bBibliothèque Charpentier ; Eugène Fasquelle ; Impr. Darantiere [Biblioteca Charpentier ; Eugène Fasquelle ; Imprenta Darantiere]
_c1923
300 _a325, [1] páginas
_c18 x 12 cm.
500 _aDetalles físicos: Sin encuadernación original, actualmente encuadernación rígida (holandesa): cartón forrado en papel con textura. Lomo en tela, con letras y líneas en dorado. Guardas. Hojas de cortesía. Anteportada. Portada impresa en una sola tinta. Texto impreso en una columna, con diferentes tipos y tamaños de letra. Cortes decorados con jaspeados de color rojo. Índice. Papel con oxidación en bordes, páginas 324 y 325 con papel desgado en esquina superior.
505 0 _aPartes I – III: El sueño ; El amor ; La acción.
506 _aConsulta en sala
546 _aTexto en francés
650 7 _920471
_aNovela belga
650 7 _918611
_aLiteratura belga
690 _aLiteratura europea
_926524
942 _2LOCAL
_cLIBRO
_e1
_hE54N029
999 _c325122
_d325122